000 00421nam a22001697a 4500
005 20180711113848.0
008 160512b xxu||||| |||| 00| 0 eng d
020 _a81-259-1419-6
041 _aeng
082 _b1691
_a658.15
100 _aJakhotiya, G.P.
_94520
245 _aStrategic Financial Management
260 _aNew Delhi
_bVikas Publishing
_c2003
300 _a376p,
650 _aManagement
_9241
942 _cBK
999 _c655
_d655